000 01050nam a22002537a 4500
005 20170124103003.0
010 _aA-648625
020 _c50.00
_a8170161657
035 _aA-648625
037 _bCen Lib/Ret
040 _aDPL
_bHN
082 _a
_bगंगाप्र
100 _aगंगाप्रसाद विमल
_944829
245 _aखोई हुई थाती /
_cगंगाप्रसाद विमल
246 _aKhoyi huyi thati /
_bby Ganga Prasad Vimal
260 _aनई दिल्ली
_bकिताबघर
_c1993
270 _a24, अंसारी रोड, दरियागंज
_bनई दिल्ली
_e110002
300 _a119पृ.
_c17सेमी (सजिल्द )
650 _aहिंदी साहित्य
_x
_z
_9104987
650 _aहिंदी साहित्य--कहानियां
_v
_9104988
650 _aHindi literature
_9104989
650 _aHindi literature--Stories
_9104990
942 _2ddc
_cHN
_h
_mगंगाप्र
999 _c114124
_d114124